| 000 | 02245cam a2200457 a 4500 | ||
|---|---|---|---|
| 999 |
_c532824 _d532824 |
||
| 001 | 15037600 | ||
| 003 | NUST | ||
| 005 | 20191203131053.0 | ||
| 008 | 071009r20082003njuabf b 001 0 eng | ||
| 010 | _a 2007041614 | ||
| 015 |
_aGBA777200 _2bnb |
||
| 016 | 7 |
_a014015925 _2Uk |
|
| 020 | _a9780470185490 (pbk.) | ||
| 020 | _a047018549X (pbk.) | ||
| 035 | _a(OCoLC)ocn173499042 | ||
| 035 | _a(OCoLC)173499042 | ||
| 038 | _aMSOHAIL | ||
| 040 |
_aDLC _cDLC _dUKM _dBAKER _dYDXCP _dC#P _dDLC |
||
| 043 |
_aa-ir--- _an-us--- |
||
| 050 | 0 | 0 |
_aDS318 _b.K49 2008 |
| 082 | 0 | 0 |
_a955.05/3 _222 |
| 100 | 1 |
_aKinzer, Stephen. _926439 |
|
| 245 | 1 | 0 |
_aAll the Shah's men : _ban American coup and the roots of Middle East terror / _cStephen Kinzer. |
| 250 | _a[2008 ed.]. | ||
| 260 |
_aHoboken, N.J. : _bJohn Wiley & Sons, _cc2008. |
||
| 300 |
_axxix, 258 p., [8] p. of plates : _bill., map ; _c24 cm. |
||
| 500 | _aOriginally published in 2003. With a new preface. | ||
| 504 | _aIncludes bibliographical references (p. 244-249) and index. | ||
| 505 | 0 | _aGood evening, Mr. Roosevelt -- Curse this fate -- The last drop of the nation's blood -- A wave of oil -- His master's orders -- Unseen enemies everywhere -- You do not know how evil they are -- An immensely shrewd old man -- Block headed British -- Pull up your socks and get going -- I knew it! they love me! -- Purring like a giant cat -- Epilogue. | |
| 600 | 1 | 0 |
_aMosaddeq, Mohammad, _d1880-1967. _926429 |
| 651 | 0 |
_aIran _xHistory _yCoup d'état, 1953. _926440 |
|
| 651 | 0 |
_aIran _xPolitics and government _y1941-1979. _912804 |
|
| 651 | 0 |
_aUnited States _xRelations _zIran. _926441 |
|
| 651 | 0 |
_aIran _xRelations _zUnited States. _926442 |
|
| 856 | 4 | 1 |
_3Table of contents only _uhttp://www.loc.gov/catdir/enhancements/fy0827/2007041614-t.html |
| 856 | 4 | 2 |
_3Contributor biographical information _uhttp://www.loc.gov/catdir/enhancements/fy0827/2007041614-b.html |
| 856 | 4 | 2 |
_3Publisher description _uhttp://www.loc.gov/catdir/enhancements/fy0827/2007041614-d.html |
| 906 |
_a7 _bcbc _corignew _d1 _eecip _f20 _gy-gencatlg |
||
| 942 |
_2ddc _cBK |
||